Hans Andersen's fairy tales (Record no. 130988)

MARC details
000 -LEADER
fixed length control field 00687nam a2200253Ia 4500
003 - CONTROL NUMBER IDENTIFIER
control field OSt
005 - DATE AND TIME OF LATEST TRANSACTION
control field 20220918165747.0
008 - FIXED-LENGTH DATA ELEMENTS--GENERAL INFORMATION
fixed length control field 220917b |||||||| |||| 00| 0 eng d
020 ## - INTERNATIONAL STANDARD BOOK NUMBER
International Standard Book Number 8171674402 (pbk)
037 ## - SOURCE OF ACQUISITION
Terms of availability Textual
040 ## - CATALOGING SOURCE
Original cataloging agency ARTS
Transcribing agency ARTS
Language of cataloging eng
041 ## - LANGUAGE CODE
Source of code eng
Language code of text/sound track or separate title eng
100 ## - MAIN ENTRY--PERSONAL NAME
Personal name Andersen Hans
9 (RLIN) 25424
245 #0 - TITLE STATEMENT
Title Hans Andersen's fairy tales
260 ## - PUBLICATION, DISTRIBUTION, ETC.
Place of publication, distribution, etc. New Delhi
Name of publisher, distributor, etc. Rupa & Co. India
Date of publication, distribution, etc. 2000
300 ## - PHYSICAL DESCRIPTION
Extent 318p.
Dimensions cm.
650 ## - SUBJECT ADDED ENTRY--TOPICAL TERM
Topical term or geographic name entry element ENGLISH LITERATURE
942 ## - ADDED ENTRY ELEMENTS (KOHA)
Classification part O11196,3M05:g, 111P0
Koha item type Textual
Source of classification or shelving scheme Colon Classification (CC)
Holdings
Withdrawn status Lost status Damaged status Not for loan Home library Current library Date acquired Total Checkouts Full call number Barcode Date last seen Price effective from Koha item type
        Arts Library Arts Library 2022-09-18   O11196,3M05:g 111P0 AL1219918 2022-09-18 2022-09-18 Textual
Copyright @ Delhi University Library System